| 000 | 02269cam a2200337 4500500 | ||
|---|---|---|---|
| 005 | 20251228070410.0 | ||
| 041 | _afre | ||
| 042 | _adc | ||
| 100 | 1 | 0 |
_aDésannaux, Aurélie _eauthor |
| 245 | 0 | 0 | _aMesure du temps et histoire des techniques : les débuts de l'horlogerie en Normandie (xive-xvie siècles) |
| 260 | _c2010. | ||
| 500 | _a28 | ||
| 520 | _aL’horlogerie mécanique à poids apparaît en Normandie à la fin du Moyen Âge. Peu étudié, ce sujet est abordé ici sous différents angles : technique, politique, économique et social. Technique, du fait que l’horlogerie est une des grandes évolutions de l’histoire de la mesure du temps. Politique, puisque les horloges étaient un élément de prestige pour les villes. Économique, si l’on considère les dépenses concédées par les représentants de ces villes pour leur installation et leur entretien. Social, si l’on se porte vers la présence quotidienne que les horloges exigeaient pour leur bon fonctionnement, mais également par l’étude des différents métiers amenés à intervenir autour d’elles. | ||
| 520 | _aTime and technology : Early clock making in Normandy (14th-16th century)Mechanical clocks appeared in Normandy in the late Middle Ages. Little studied, this subject is treated under four headings : technology, politics, economics and society.Technology – mechanical clocks represent a revolution in the measurement of time. Politics – They were indispensable for the prestige of cities.Economics – Their construction and maintenance required important public investments.Society – Their presence required recruitment of specialised artisans. | ||
| 690 | _aÉvreux | ||
| 690 | _ahorloger | ||
| 690 | _ahorlogerie mécanique | ||
| 690 | _aLisieux | ||
| 690 | _amesure du temps | ||
| 690 | _aNormandie | ||
| 690 | _aPont-Audemer | ||
| 690 | _aRouen | ||
| 690 | _aclockmaker | ||
| 690 | _alocal government | ||
| 690 | _amechanical clocks | ||
| 690 | _aNormandy | ||
| 690 | _atime measurement | ||
| 690 | _aurban environment | ||
| 786 | 0 | _nAnnales de Normandie | 60e aée | 1 | 2010-02-01 | p. 27-70 | 0003-4134 | |
| 856 | 4 | 1 | _uhttps://shs.cairn.info/revue-annales-de-normandie-2010-1-page-27?lang=fr&redirect-ssocas=7080 |
| 999 |
_c1592610 _d1592610 |
||